Normal view
MARC view
- Sharp, Ann Margaret,
Entry Nombre Personal
001 - NUMERO DE CONTROL
- campo de control: 32865
003 - IDENTIFICADOR DE NUMERO DE CONTROL
- campo de control: UPN
005 - FECHA Y HORA DE LA ÜLTIMA TRANSACCIÓN
- campo de control: 20210219194437.0
008 - DATOS DE LONGITUD FIJA
- campo de control de longitud fija: nabaccnnaabn|||||||||| b |nc|||||d
035 ## - NUMERO DE CONTROL
- Número de control: UPN11000004972
040 ## - FUENTE DE CATALOGACIÓN
- Lenguaje de catalogación: SPA
- Agencia de transcripción: UPN
100 1# - ENCABEZAMIENTO - NOMBRE PERSONAL
- Nombre personal: Sharp, Ann Margaret,
- Fechas asociadas con el nombre: 1942-2010
670 ## - FUENTE EN LA QUE SE LOCALIZARON DATOS
- Cita de la fuente: T
- Uniform Resource Identifier: http://www.fpnmexico.org/index.php?option=com_content&view=article&id=2&Itemid=4
680 ## - NOTA PUBLICA DE ACCESO PÚBLICO
- Frase explicativa de la referencia: Filósofa estadounidense
902 ## - CATALOGADOR
- Catalogador: CAA/291112
